Normal view
MARC view
Entry Personal Name
001 - CONTROL NUMBER
- control field: 531547
003 - CONTROL NUMBER IDENTIFIER
- control field: OSt
005 - DATE AND TIME OF LATEST TRANSACTION
- control field: 20220930073422.0
008 - FIXED-LENGTH DATA ELEMENTS
- fixed length control field: 220930|| aca||aabn | a|a d
040 ## - CATALOGING SOURCE
- Original cataloging agency: OSt
- Transcribing agency: OSt
100 ## - HEADING--PERSONAL NAME
- Personal name: Arora Uma
670 ## - SOURCE DATA FOUND
- Source citation: Work cat.: (OSt)865009: Arora Uma, Hindi aur Malyalam kavya mein swachhandtaawad ka tulnatamak adhyanan, 1968
